Statistics for Moth To A Flame - The Weeknd Lyrics

Click here to take the quiz!

General Stats

  • This quiz has been taken 176 times
  • The average score is 194 of 228

Answer Stats

HintLyrics% Correct
a
98%
I
98%
VerseLike
97%
like
97%
moth
96%
to
96%
You
96%
you
96%
flame
95%
me
95%
me,
95%
he
94%
know
94%
But
93%
does
93%
the
93%
when
93%
call
92%
that
92%
your
92%
And
90%
one
90%
cry?
89%
sleeps?
89%
for
88%
go
88%
he's
88%
it
88%
It
88%
keep?
88%
reasons
88%
where
88%
Where
88%
lies?
87%
lies
87%
heart
86%
good
85%
in,
85%
In
85%
pictures
85%
truly
85%
all
84%
friends
84%
say
84%
2x | Introoh
83%
seems
83%
should
83%
true
83%
feel
82%
tell
82%
be
79%
It's
79%
just
79%
let
79%
makes
79%
pull
79%
away
78%
time,
78%
time
78%
Pre-C'Cause
77%
I'll
76%
is
76%
need
76%
InterludeYeah
76%
him
75%
him,
75%
His
74%
love
74%
this
74%
with
74%
stay
71%
What
70%
back
69%
initially
69%
from
66%
babe
62%
leave
60%
here
59%
OutroRight
59%
you'll
58%
you're
57%
my
54%
My
54%
Or
54%
loyal
49%
bed,
33%
arms,
31%
pulled
31%
2xwoah
28%

Score Distribution

Percentile by Number Answered

Percent of People with Each Score

Your Score History

You have not taken this quiz